[Event "Olympiad-44"]
[Site "Chennai"]
[Date "2022.08.07"]
[Round "9.4"]
[White "Diamant, Andre"]
[Black "Sasikiran, Krishnan"]
[Result "0-1"]
[WhiteElo "2538"]
[BlackElo "2638"]
[PlyCount "98"]
[EventDate "2022.07.29"]
[EventType "team-swiss"]
[EventRounds "11"]
[EventCountry "IND"]
[SourceTitle "CBM 210"]
[Source "ChessBase"]
[SourceDate "2022.10.31"]
[SourceVersion "1"]
[SourceVersionDate "2022.10.31"]
[SourceQuality "1"]
[WhiteTeam "Brazil"]
[BlackTeam "India"]
[WhiteTeamCountry "BRA"]
[BlackTeamCountry "IND"]

1. d4 Nf6 2. c4 e6 3. Nc3 Bb4 4. e3 0-0 5. Bd3 d5 6. Nf3 c5 7. 0-0 dxc4 8. Bxc4 Nbd7 9. a3 Bxc3 10. bxc3 b6 11. Re1 Bb7 12. Bd3 Ne4 13. Qc2 f5 14. Nd2 Ndf6 15. f3 Nxd2 16. Qxd2 Kh8 17. Bb2 Qe8 18. c4 Rd8 19. a4 Qg6 20. Kh1 Qg5 21. Qf2 Ne4 22. Qc2 Nf6 23. a5 h5 24. axb6 axb6 25. dxc5 bxc5 26. Bf1 h4 27. Bc3 h3 28. Rad1 Qh5 29. Rxd8 Rxd8 30. Qf2 Kh7 31. Qg3 Rd7 32. Kg1 hxg2 33. Bxg2 Qg6 34. Qh4+ Kg8 35. Qg3 Qxg3 36. hxg3 Rd3 37. Ba5 Nd7 38. Bc7 Kf7 39. Bf1 Rb3 40. Kf2 g5 41. Rd1 Nf6 42. Be5 g4 43. Be2 gxf3 44. Bxf3 Bxf3 45. Kxf3 Ng4 46. Ba1 Rxe3+ 47. Kf4 Kg6 48. Rd8 e5+ 49. Bxe5 Re4+ 0-1

[Event "Olympiad-44"]
[Site "Chennai"]
[Date "2022.07.30"]
[Round "2.4"]
[White "Diamant, Andre"]
[Black "Camacho Campusano, David Daniel"]
[Result "1/2-1/2"]
[WhiteElo "2538"]
[BlackElo "2221"]
[PlyCount "77"]
[EventDate "2022.07.29"]
[EventType "team-swiss"]
[EventRounds "11"]
[EventCountry "IND"]
[SourceTitle "CBM 210"]
[Source "ChessBase"]
[SourceDate "2022.10.31"]
[SourceVersion "1"]
[SourceVersionDate "2022.10.31"]
[SourceQuality "1"]
[WhiteTeam "Brazil"]
[BlackTeam "Dominican Republic"]
[WhiteTeamCountry "BRA"]
[BlackTeamCountry "DOM"]

1. c4 Nf6 2. Nc3 c5 3. Nf3 Nc6 4. d4 cxd4 5. Nxd4 e6 6. a3 d5 7. cxd5 Nxd4 8. Qxd4 Nxd5 9. Nxd5 Qxd5 10. Qxd5 exd5 11. Be3 Bd6 12. g3 Be5 13. 0-0-0 Bf5 14. Rxd5 Rc8+ 15. Kd2 f6 16. Bg2 Rc2+ 17. Kd1 Rxb2 18. f4 Rb1+ 19. Kd2 Rb2+ 20. Kd1 Rb1+ 21. Bc1 Bb2 22. Kd2 Be6 23. Rc5 0-0 24. Rc7 Rd8+ 25. Kc2 Rxc1+ 26. Rxc1 Bxc1 27. Kxc1 Rc8 28. Rxc8+ Bxc8 29. Kc2 Kf7 30. Kc3 Ke7 31. Kd4 Kd6 32. e4 b6 33. e5+ fxe5+ 34. fxe5+ Ke7 35. Bf1 h6 36. Bb5 Be6 37. Ba6 Bh3 38. Bb5 Be6 39. Ba6 1/2-1/2

[Event "Catas Altas op 3rd"]
[Site "Catas Altas"]
[Date "2022.07.09"]
[Round "2"]
[White "Diamant, Andre"]
[Black "Da Circuncisao, Neivaldo Jacob"]
[Result "1-0"]
[WhiteElo "2538"]
[BlackElo "1602"]
[PlyCount "91"]
[EventDate "2022.06.28"]
[EventType "swiss"]
[EventRounds "7"]
[EventCountry "BRA"]
[SourceTitle "EXT 2023"]
[Source "ChessBase"]
[SourceDate "2022.10.05"]
[SourceVersion "1"]
[SourceVersionDate "2022.10.05"]
[SourceQuality "1"]

1. e4 e6 2. d4 d5 3. Nd2 Nf6 4. e5 Nfd7 5. Ngf3 c5 6. c3 Nc6 7. Bd3 cxd4 8. cxd4 Be7 9. 0-0 0-0 10. Re1 f5 11. exf6 Nxf6 12. Nb3 Qd6 13. Ne5 Bd7 14. Bg5 Rae8 15. Bh4 Bd8 16. Bg3 Qe7 17. Nxc6 bxc6 18. Nc5 Bb6 19. Rc1 Qd8 20. Be5 Bc7 21. Qc2 h6 22. Nxd7 Qxd7 23. Qxc6 Bxe5 24. dxe5 Qxc6 25. Rxc6 Nh7 26. Rc7 Ra8 27. Rec1 Ng5 28. R1c6 Rab8 29. b3 Rb6 30. Rxb6 axb6 31. Rc6 Ne4 32. Bxe4 dxe4 33. Rxe6 Rc8 34. h4 Rc1+ 35. Kh2 Rc2 36. Kg3 Rxa2 37. Rxb6 Rb2 38. e6 Kf8 39. Rb7 g5 40. hxg5 hxg5 41. b4 Re2 42. b5 e3 43. b6 exf2 44. Rf7+ Ke8 45. Rxf2 Rxe6 46. Rb2 1-0

[Event "BRA-ARG Blitz m"]
[Site "Catas Altas"]
[Date "2022.07.09"]
[Round "1.2"]
[White "Mareco, Sandro"]
[Black "Diamant, Andre"]
[Result "1-0"]
[WhiteElo "2657"]
[BlackElo "2538"]
[PlyCount "83"]
[EventDate "2022.07.08"]
[EventType "schev"]
[EventRounds "4"]
[EventCountry "BRA"]
[SourceTitle "CBM 209 Extra"]
[Source "ChessBase"]
[SourceDate "2022.09.30"]
[SourceVersion "1"]
[SourceVersionDate "2022.09.30"]
[SourceQuality "1"]
[WhiteTeam "Argentina"]
[BlackTeam "Brazil"]
[WhiteTeamCountry "ARG"]
[BlackTeamCountry "BRA"]

1. e4 c5 2. Nf3 Nc6 3. Bb5 g6 4. 0-0 Bg7 5. c3 Nf6 6. Re1 0-0 7. h3 Qb6 8. Bf1 e5 9. Na3 d5 10. exd5 Nxd5 11. Nc4 Qc7 12. d3 Re8 13. a4 b6 14. Qb3 Bb7 15. g3 Rad8 16. Bg2 h6 17. a5 Nxa5 18. Nxa5 bxa5 19. Nd2 Nb6 20. Bxb7 Qxb7 21. Ne4 a4 22. Rxa4 Qc7 23. Ra5 c4 24. dxc4 Qxc4 25. Qxc4 Nxc4 26. Rxa7 f5 27. b3 fxe4 28. bxc4 Rd3 29. Ba3 Rxc3 30. Rxe4 Rc8 31. c5 Rc2 32. Kf1 Rc3 33. Re3 Rc2 34. Re2 Rc3 35. Kg2 Rc4 36. h4 h5 37. Rd2 Bf8 38. Ra6 Kf7 39. Rd7+ Ke8 40. Rh7 Rg4 41. Raa7 Rc6 42. Rh8 1-0

[Event "Sales Oliveira Graton Squarizi Memorial"]
[Site "Sales Oliveira"]
[Date "2022.06.11"]
[Round "7"]
[White "Diamant, Andre"]
[Black "Lima, Darcy Gustavo Macha"]
[Result "1/2-1/2"]
[WhiteElo "2539"]
[BlackElo "2464"]
[PlyCount "45"]
[EventDate "2022.06.07"]
[EventType "tourn"]
[EventRounds "9"]
[EventCountry "BRA"]
[EventCategory "9"]
[SourceTitle "CBM 208 Extra"]
[Source "ChessBase"]
[SourceDate "2022.07.31"]
[SourceVersion "1"]
[SourceVersionDate "2022.07.31"]
[SourceQuality "1"]

1. e4 e5 2. Nf3 Nc6 3. Bb5 a6 4. Ba4 Nf6 5. 0-0 Be7 6. Re1 b5 7. Bb3 d6 8. c3 0-0 9. h3 Na5 10. Bc2 c5 11. d4 Qc7 12. Nbd2 Nc6 13. d5 Nd8 14. a4 Rb8 15. Nf1 Ne8 16. g4 g6 17. Ng3 Ng7 18. Bh6 f6 19. Kh2 Nf7 20. Be3 Bd7 21. Rg1 Kh8 22. Nd2 Qc8 23. axb5 1/2-1/2

[Event "Chapeco op"]
[Site "Chapeco"]
[Date "2022.02.13"]
[Round "5"]
[White "Diamant, Andre"]
[Black "Florianovitz, Derlei Alex"]
[Result "1-0"]
[WhiteElo "2537"]
[BlackElo "2040"]
[PlyCount "99"]
[EventDate "2022.02.11"]
[EventType "swiss"]
[EventRounds "6"]
[EventCountry "BRA"]
[SourceTitle "CBM 207 Extra"]
[Source "ChessBase"]
[SourceDate "2022.05.31"]
[SourceVersion "1"]
[SourceVersionDate "2022.05.31"]
[SourceQuality "1"]

1. c4 Nf6 2. Nc3 e6 3. d4 d5 4. cxd5 exd5 5. Bg5 Nbd7 6. e3 c6 7. Bd3 Be7 8. Nge2 0-0 9. Qc2 Re8 10. 0-0 h6 11. Bf4 Nf8 12. Rad1 Bd6 13. h3 Ne6 14. Be5 Ng5 15. f4 Nge4 16. Bxe4 Nxe4 17. Nxe4 dxe4 18. Bxd6 Qxd6 19. f5 g6 20. fxg6 Qxg6 21. Nf4 Qg3 22. Qc3 Qg5 23. d5 Bd7 24. Qb3 Rab8 25. dxc6 bxc6 26. Qc3 Be6 27. b3 Bd5 28. Rd2 Rbd8 29. Rdf2 Re7 30. b4 Rb7 31. a3 Re7 32. Kh1 Red7 33. Ne2 Be6 34. Nd4 Rxd4 35. exd4 e3 36. Re2 Bd5 37. Qxe3 Bc4 38. Rf3 Qxe3 39. Rexe3 Rxd4 40. Rf6 Bd5 41. Rxh6 Kg7 42. Rh5 Rd1+ 43. Kh2 Rd2 44. Rg5+ Kf6 45. Rgg3 Rd4 46. Re2 Be6 47. Rc3 Bd5 48. Rc5 a6 49. Rec2 Ke5 50. Ra5 1-0

[Event "Goiania Barbosa Nunes Cup 1st"]
[Site "Goiania"]
[Date "2021.10.16"]
[Round "5"]
[White "Fier, Alexandr"]
[Black "Diamant, Andre"]
[Result "1/2-1/2"]
[WhiteElo "2563"]
[BlackElo "2542"]
[PlyCount "25"]
[EventDate "2021.10.15"]
[EventType "swiss"]
[EventRounds "6"]
[EventCountry "BRA"]
[SourceTitle "EXT 2023"]
[Source "ChessBase"]
[SourceDate "2022.10.05"]
[SourceVersion "1"]
[SourceVersionDate "2022.10.05"]
[SourceQuality "1"]

1. e4 e5 2. Nf3 Nf6 3. Nxe5 d6 4. Nf3 Nxe4 5. d4 d5 6. Bd3 Be7 7. 0-0 Bf5 8. Re1 Nc6 9. Nc3 Nxc3 10. bxc3 Bxd3 11. Qxd3 0-0 12. Bf4 Bd6 13. Ng5 1/2-1/2

[Event "Online Olym Div Top-D"]
[Site "Chess.com INT"]
[Date "2021.09.09"]
[Round "4.1"]
[White "Diamant, Andre"]
[Black "Gallego Alcaraz, Andres Felipe"]
[Result "1/2-1/2"]
[WhiteElo "2542"]
[BlackElo "2512"]
[PlyCount "53"]
[EventDate "2021.09.08"]
[EventType "team (rapid)"]
[EventRounds "9"]
[EventCountry "USA"]
[SourceTitle "CBM 204 Extra"]
[Source "ChessBase"]
[SourceDate "2021.11.30"]
[SourceVersion "1"]
[SourceVersionDate "2021.11.30"]
[SourceQuality "1"]
[WhiteTeam "Brazil"]
[BlackTeam "Colombia"]
[WhiteTeamCountry "BRA"]
[BlackTeamCountry "COL"]

1. c4 Nf6 2. Nc3 d5 3. cxd5 Nxd5 4. Nf3 g6 5. d3 Bg7 6. Bd2 Nc6 7. g3 0-0 8. Bg2 Nb6 9. 0-0 h6 10. a3 e5 11. b4 Nd4 12. Rc1 c6 13. Ne4 Re8 14. Nc5 Qe7 15. e3 Nxf3+ 16. Qxf3 Nd7 17. Nb3 Nf6 18. h3 e4 19. dxe4 Nxe4 20. Qe2 Ng5 21. h4 Ne4 22. Nc5 Bf5 23. Nxe4 Bxe4 24. Bc3 Bxc3 25. Rxc3 Rad8 26. Bxe4 Qxe4 27. Rd1 1/2-1/2

[Event "Online Olym Div Top-D"]
[Site "Chess.com INT"]
[Date "2021.09.09"]
[Round "5.5"]
[White "Van den Doel, Erik"]
[Black "Diamant, Andre"]
[Result "0-1"]
[WhiteElo "2599"]
[BlackElo "2542"]
[PlyCount "58"]
[EventDate "2021.09.08"]
[EventType "team (rapid)"]
[EventRounds "9"]
[EventCountry "USA"]
[SourceTitle "CBM 204 Extra"]
[Source "ChessBase"]
[SourceDate "2021.11.30"]
[SourceVersion "1"]
[SourceVersionDate "2021.11.30"]
[SourceQuality "1"]
[WhiteTeam "Netherlands"]
[BlackTeam "Brazil"]
[WhiteTeamCountry "NED"]
[BlackTeamCountry "BRA"]

1. d4 d5 2. Nf3 Nf6 3. Bf4 Bf5 4. e3 e6 5. c4 Bxb1 6. Qxb1 Bb4+ 7. Kd1 Bd6 8. Bg5 Nbd7 9. c5 Be7 10. Qc2 Ne4 11. Bf4 0-0 12. h4 c6 13. Bd3 f5 14. Ke2 Bf6 15. b4 a6 16. g3 Qe8 17. Ne5 Bxe5 18. dxe5 a5 19. a3 axb4 20. axb4 Qh5+ 21. f3 Rxa1 22. Rxa1 g5 23. Bxg5 Nxg5 24. hxg5 Qh2+ 25. Ke1 Qg1+ 26. Bf1 Qxe3+ 27. Be2 Qg1+ 28. Bf1 Qxg3+ 29. Kd2 Qf4+ 0-1

[Event "Goiania op"]
[Site "Goiania"]
[Date "2021.02.28"]
[Round "6"]
[White "Fier, Alexandr"]
[Black "Diamant, Andre"]
[Result "1/2-1/2"]
[WhiteElo "2576"]
[BlackElo "2543"]
[PlyCount "153"]
[EventDate "2021.02.26"]
[EventType "swiss"]
[EventRounds "6"]
[EventCountry "BRA"]
[SourceTitle "EXT 2022"]
[Source "ChessBase"]
[SourceDate "2021.10.06"]
[SourceVersion "1"]
[SourceVersionDate "2021.10.06"]
[SourceQuality "1"]

1. e4 c5 2. Nf3 Nc6 3. d4 cxd4 4. Nxd4 Nf6 5. Nc3 e5 6. Ndb5 d6 7. Bg5 a6 8. Na3 b5 9. Nd5 Be7 10. Bxf6 Bxf6 11. c3 Bg5 12. Nc2 Rb8 13. Be2 0-0 14. Qd3 Be6 15. Rd1 a5 16. 0-0 Ne7 17. Nde3 Bxe3 18. Nxe3 Rb6 19. a3 Qc7 20. b4 Ra8 21. Bg4 Bxg4 22. Nxg4 axb4 23. cxb4 Qc4 24. Ne3 Qxd3 25. Rxd3 f6 26. Rc1 Ra7 27. Rdc3 Rba6 28. h4 Kf7 29. Rd3 h5 30. g3 Ke6 31. Nd5 Nxd5 32. exd5+ Kf5 33. Rc6 Rxa3 34. Rxa3 Rxa3 35. Rxd6 Rb3 36. Rd7 g6 37. Rb7 Rxb4 38. Rb6 Rb2 39. d6 Rd2 40. Rxb5 Rxd6 41. Kg2 Rd2 42. Kf3 Rd3+ 43. Kg2 Ra3 44. Rc5 Ra6 45. Rb5 Rd6 46. Kf3 Rd3+ 47. Kg2 Ke6 48. Rb6+ Rd6 49. Rb5 e4 50. Kf1 Rd5 51. Rb6+ Kf5 52. Ke2 Ra5 53. Kf1 Ra3 54. Kg2 Ra5 55. Rc6 Re5 56. Rb6 Rd5 57. Ra6 Rd2 58. Ra5+ Kg4 59. Ra6 Kf5 60. Ra5+ Ke6 61. Kf1 Rd3 62. Kg2 Rd7 63. Rb5 Re7 64. Ra5 Kf7 65. Rb5 Re5 66. Rb7+ Re7 67. Rb5 Ke6 68. Ra5 Re8 69. Rb5 Rd8 70. Ra5 f5 71. Kf1 Rd6 72. Ke2 Kf6 73. f3 Rd3 74. Ra6+ Ke5 75. f4+ Kd4 76. Rd6+ Kc3 77. Rc6+ 1/2-1/2

[Event "Goiania op"]
[Site "Goiania"]
[Date "2021.02.26"]
[Round "2"]
[White "Diamant, Andre"]
[Black "Frattini, Beatriz Maria"]
[Result "1-0"]
[WhiteElo "2543"]
[BlackElo "1844"]
[PlyCount "49"]
[EventDate "2021.02.26"]
[EventType "swiss"]
[EventRounds "6"]
[EventCountry "BRA"]
[SourceTitle "EXT 2022"]
[Source "ChessBase"]
[SourceDate "2021.10.06"]
[SourceVersion "1"]
[SourceVersionDate "2021.10.06"]
[SourceQuality "1"]

1. c4 Nf6 2. Nc3 c5 3. Nf3 d5 4. cxd5 Nxd5 5. e4 Nxc3 6. dxc3 Qxd1+ 7. Kxd1 e6 8. Be3 Nc6 9. Kc2 Bd7 10. Be2 Be7 11. Rhd1 Rd8 12. Nd2 0-0 13. Nc4 Bc8 14. a4 b6 15. f3 Bb7 16. a5 b5 17. Rxd8 Rxd8 18. a6 Bc8 19. Na5 Bd7 20. Nb7 Rb8 21. Bxb5 Nb4+ 22. cxb4 Bxb5 23. Bxc5 Bxc5 24. bxc5 Bxa6 25. Nd6 1-0

[Event "Sao Paulo Total op"]
[Site "Sao Paulo"]
[Date "2020.12.20"]
[Round "4"]
[White "De Freitas, Isabella Ribeiro Co"]
[Black "Diamant, Andre"]
[Result "0-1"]
[WhiteElo "1871"]
[BlackElo "2540"]
[PlyCount "52"]
[EventDate "2020.12.18"]
[EventType "swiss"]
[EventRounds "5"]
[EventCountry "BRA"]
[SourceTitle "EXT 2022"]
[Source "ChessBase"]
[SourceDate "2021.10.06"]
[SourceVersion "1"]
[SourceVersionDate "2021.10.06"]
[SourceQuality "1"]

1. c4 c5 2. g3 g6 3. Bg2 Bg7 4. Nf3 Nc6 5. Nc3 e5 6. 0-0 Nge7 7. d3 d6 8. a3 0-0 9. Ne1 Be6 10. Nc2 d5 11. cxd5 Nxd5 12. Rb1 a5 13. Ne3 Nde7 14. Bd2 b6 15. Qa4 Qd7 16. Nc4 Rab8 17. Qb5 Qc7 18. Rfc1 Nd4 19. Qa4 b5 20. Qxa5 Qd7 21. Rd1 bxc4 22. dxc4 Nb3 23. Qa4 Qxa4 24. Nxa4 Bxc4 25. Be3 Bxe2 26. Rd7 Bb5 0-1

[Event "Catanduva op"]
[Site "Catanduva"]
[Date "2020.03.15"]
[Round "6"]
[White "Diamant, Andre"]
[Black "Supi, Luis Paulo"]
[Result "1/2-1/2"]
[WhiteElo "2535"]
[BlackElo "2570"]
[PlyCount "22"]
[EventDate "2020.03.13"]
[EventType "swiss"]
[EventRounds "6"]
[EventCountry "BRA"]
[SourceTitle "CBM 195 Extra"]
[Source "ChessBase"]
[SourceDate "2020.05.31"]
[SourceVersion "1"]
[SourceVersionDate "2020.05.31"]
[SourceQuality "1"]

1. e4 c5 2. Nf3 d6 3. Bb5+ Bd7 4. Bxd7+ Nxd7 5. 0-0 Ngf6 6. Qe2 Rc8 7. c4 g6 8. d4 cxd4 9. Nxd4 Bg7 10. Rd1 0-0 11. b3 Qa5 1/2-1/2